UM Logo

Healing the past, building the future: (Record no. 2599)

MARC details
000 -LEADER
fixed length control field 00669nam a22002057a 4500
003 - CONTROL NUMBER IDENTIFIER
control field OSt
005 - DATE AND TIME OF LATEST TRANSACTION
control field 20160518192547.0
008 - FIXED-LENGTH DATA ELEMENTS--GENERAL INFORMATION
fixed length control field 160518b xxu||||| |||| 00| 0 eng d
020 ## - INTERNATIONAL STANDARD BOOK NUMBER
International Standard Book Number 971-0305-28-x
040 ## - CATALOGING SOURCE
Transcribing agency LIC
082 ## - DEWEY DECIMAL CLASSIFICATION NUMBER
Edition number 2005
Classification number DFil 305.89921
Item number L51h
100 ## - MAIN ENTRY--PERSONAL NAME
9 (RLIN) 8578
Personal name Ledesma, Antonio J.
245 ## - TITLE STATEMENT
Title Healing the past, building the future:
Remainder of title soundings from Mindanao/
Statement of responsibility, etc. Antonio J. Ledesma.
260 ## - PUBLICATION, DISTRIBUTION, ETC. (IMPRINT)
Place of publication, distribution, etc. Manila:
Name of publisher, distributor, etc. Jesuit Communications Foundation, Inc.,
Date of publication, distribution, etc. c2005.
300 ## - PHYSICAL DESCRIPTION
Extent xiii, 184 pages:
Other physical details illustrations;
Dimensions 23 cm.
365 ## - TRADE PRICE
Price amount 200.00
Currency code Php
500 ## - GENERAL NOTE
General note Includes index.
650 #0 - SUBJECT ADDED ENTRY--TOPICAL TERM
9 (RLIN) 8579
Topical term or geographic name as entry element Ethnicity
Geographic subdivision Central Mindanao (Philippines)
942 ## - ADDED ENTRY ELEMENTS (KOHA)
Source of classification or shelving scheme Dewey Decimal Classification
Koha item type Filipiniana
Holdings
Withdrawn status Lost status Source of classification or shelving scheme Damaged status Not for loan Collection code Home library Current library Date acquired Source of acquisition Total Checkouts Full call number Barcode Date last seen Copy number Cost, replacement price Price effective from Koha item type
    Dewey Decimal Classification     Filipiniana UM Digos College - LIC UM Digos College - LIC 04/21/2006 Purchased   DFil 305.89921 L51h 2005 18502 05/15/2025 1 200.00 05/18/2016 Filipiniana